[Event "London Classic Superrapid"]
[Site "London ENG"]
[Date "2015.12.12"]
[Round "5.3"]
[White "Williams, Simon K"]
[Black "Hebden, Mark L"]
[Result "1/2-1/2"]
[WhiteTitle "GM"]
[BlackTitle "GM"]
[WhiteElo "2439"]
[BlackElo "2467"]
[WhiteFideId "404454"]
[BlackFideId "400084"]
[EventDate "2015.12.12"]

1. e4 e5 2. f4 exf4 3. Bc4 d5 4. Bxd5 Qh4+ 5. Kf1 Bd6 6. Nf3 Qh5 7. d4 Nf6 8.
Nc3 Nxd5 9. Nxd5 c6 10. Nxf4 Qb5+ 11. Qd3 Qxd3+ 12. Nxd3 Nd7 13. Kf2 O-O 14. Re1
Re8 15. Bf4 Bf8 16. h3 f6 17. c3 b6 18. Re3 Bb7 19. Rae1 c5 20. R3e2 Rac8 21. g4
a5 22. Kg3 a4 23. a3 cxd4 24. cxd4 g5 25. Bd2 Rc2 26. Re3 Bd6+ 27. e5 fxe5 28.
dxe5 Bxf3 29. exd6 Rxe3 30. Rxe3 Bc6 31. Nb4 Rxd2 32. Nxc6 Rxd6 33. Ne7+ Kf7 34.
Nf5 Re6 35. Rf3 Rf6 36. b3 axb3 37. Rxb3 h5 38. Rd3 Nc5 39. Rd8 h4+ 40. Kf3 Rc6
41. Rd6 Rxd6 42. Nxd6+ Ke6 43. Ne4 Nxe4 44. Kxe4 b5 45. Kd4 1/2-1/2

[Event "London Classic Superrapid"]
[Site "London ENG"]
[Date "2015.12.12"]
[Round "5.5"]
[White "Hammer, Jon Ludvig"]
[Black "Arakhamia-Grant, Ketevan"]
[Result "0-1"]
[WhiteTitle "GM"]
[BlackTitle "GM"]
[WhiteElo "2682"]
[BlackElo "2353"]
[WhiteFideId "1503707"]
[BlackFideId "13600168"]
[EventDate "2015.12.12"]

1. c4 Nf6 2. Nf3 c5 3. Nc3 Nc6 4. g3 g6 5. Bg2 Bg7 6. d4 cxd4 7. Nxd4 O-O 8. O-O
Qa5 9. e3 a6 10. Bd2 Qc7 11. Rc1 Ne5 12. Nd5 Nxd5 13. cxd5 Qb6 14. Bc3 d6 15. f4
Ng4 16. Qd2 a5 17. h3 Nf6 18. g4 Bd7 19. e4 e5 20. dxe6 fxe6 21. Kh1 e5 22. Ne2
Bc6 23. Qxd6 Nxe4 24. Qe6+ Kh8 25. Qb3 Qe3 26. Rce1 Nc5 27. Ng1 Qxe1 28. Qc4
Bxg2+ 29. Kxg2 Qe4+ 30. Qxe4 Nxe4 31. f5 Nxc3 32. bxc3 gxf5 33. gxf5 e4 34. Ne2
Rad8 35. Rf4 Rd2 36. Rxe4 Rxf5 37. Re8+ Rf8 38. Re7 Rxa2 39. Kg3 b5 40. Nf4 Bf6
41. Re6 a4 42. Nd5 Bg7 43. h4 Rd2 0-1

[Event "London Classic Superrapid"]
[Site "London ENG"]
[Date "2015.12.12"]
[Round "5.8"]
[White "Grigoriants, Sergey"]
[Black "Haria, Ravi"]
[Result "1/2-1/2"]
[WhiteTitle "GM"]
[BlackTitle "FM"]
[WhiteElo "2603"]
[BlackElo "2445"]
[WhiteFideId "4130804"]
[BlackFideId "415820"]
[EventDate "2015.12.12"]

1. e4 e6 2. d4 d5 3. Nd2 Nc6 4. Ngf3 Nf6 5. e5 Nd7 6. Nb3 a5 7. a4 b6 8. Bb5 Na7
9. Be2 c5 10. O-O Nc6 11. Bg5 Be7 12. Bxe7 Qxe7 13. c3 Ba6 14. Bb5 Bxb5 15. axb5
Na7 16. dxc5 Nxc5 17. Nxc5 Qxc5 18. Nd4 O-O 19. Qd3 Qc7 20. f4 Nc8 21. f5 exf5
22. Nxf5 Ne7 23. Nxe7+ Qxe7 24. Qxd5 Rac8 25. Rad1 Rc5 26. Qd6 Qxe5 27. Qxe5
Rxe5 28. c4 Re6 29. Rfe1 Rxe1+ 30. Rxe1 g6 31. Re7 Rc8 32. b3 a4 33. bxa4 Rxc4
34. Ra7 Rc2 35. Ra6 1/2-1/2

[Event "London Classic Superrapid"]
[Site "London ENG"]
[Date "2015.12.12"]
[Round "5.9"]
[White "Jumabayev, Rinat"]
[Black "Wells, Peter K"]
[Result "1-0"]
[WhiteTitle "GM"]
[BlackTitle "GM"]
[WhiteElo "2599"]
[BlackElo "2442"]
[WhiteFideId "13702661"]
[BlackFideId "400327"]
[EventDate "2015.12.12"]

1. Nf3 d5 2. d4 Nf6 3. c4 e6 4. g3 Bb4+ 5. Bd2 Be7 6. Bg2 c6 7. O-O Nbd7 8. Qc2
O-O 9. Rd1 b6 10. Ne5 Nxe5 11. dxe5 Nd7 12. cxd5 cxd5 13. Bc3 Qc7 14. Na3 Nxe5
15. Nb5 Qc5 16. a4 Bd7 17. e4 Bxb5 18. axb5 d4 19. Rxd4 Qxb5 20. Rad1 a5 21. h3
Rac8 22. Kh2 Bc5 23. R4d2 Bb4 24. Qb3 Qc4 25. Qxc4 Nxc4 26. Bxb4 axb4 27. Re2
Rfd8 28. Ra1 Na5 29. e5 Rd4 30. Ra4 g5 31. Bf3 Kg7 32. Kg2 Rc5 33. Kg1 Nc4 34.
Ra6 Nxe5 35. Bh5 Rd6 36. Re4 Nd3 37. Ra7 Rf5 38. Re2 b3 39. Bg4 Ra5 40. Rb7 Kg6
41. Rd2 Nc5 42. Rxd6 Nxb7 43. Rxb6 Nc5 44. Kg2 h5 45. Bd1 Ra2 46. Rb5 Nd3 47.
Rxb3 Ne5 48. Be2 f5 49. Rb6 Kf6 50. f4 gxf4 51. gxf4 Ng6 52. Bc4 Nxf4+ 53. Kf3
Ra4 54. b3 Rxc4 55. bxc4 Nxh3 56. Ke3 Ke5 57. Rb5+ Kd6 58. Kd4 Nf4 59. Rb6+ Kc7
60. Kc5 h4 61. Rc6+ Kd7 62. Ra6 Nd3+ 63. Kd4 Nf2 64. Ra2 Ng4 65. Ra7+ Kd6 66.
Rh7 e5+ 67. Kc3 e4 68. Kd4 e3 69. Rxh4 e2 70. Rh1 f4 71. c5+ Kc6 72. Kd3 Nf2+
73. Kxe2 Nxh1 74. Kf3 Kxc5 75. Kxf4 1-0

[Event "London Classic Superrapid"]
[Site "London ENG"]
[Date "2015.12.12"]
[Round "5.10"]
[White "Karthik, V. AP"]
[Black "Bok, Benjamin"]
[Result "1/2-1/2"]
[BlackTitle "GM"]
[WhiteElo "2310"]
[BlackElo "2591"]
[WhiteFideId "25006479"]
[BlackFideId "1017063"]
[EventDate "2015.12.12"]

1. d4 Nf6 2. c4 g6 3. Nf3 Bg7 4. g3 c6 5. Bg2 d5 6. cxd5 cxd5 7. O-O O-O 8. Nc3
b6 9. Bf4 Bb7 10. Rc1 Nc6 11. Ne5 Rc8 12. Nxc6 Bxc6 13. Be5 e6 14. e3 Ne8 15.
Bxg7 Kxg7 16. Qe2 Nd6 17. a4 Qe7 18. b3 Nb7 19. Qb2 Na5 20. e4 Qb4 21. exd5 exd5
22. Nxd5 Qxb3 23. Qxb3 Nxb3 24. Ne7 Bxg2 25. Rxc8 Bxf1 26. Kxf1 Nxd4 27. Rc7 Ra8
28. h4 Ne6 29. Rc6 Kf8 30. Nd5 Rd8 31. Nc3 Ke7 32. Nb5 Rd7 33. Kg2 Nd4 34. Nxd4
Rxd4 35. a5 Rd6 36. Rc7+ Rd7 37. Rc8 Kd6 38. a6 Rc7 39. Rb8 Kc6 40. Kf3 Kb5 41.
Rb7 Kc6 42. Rb8 f6 43. Kg2 Kb5 44. Rb7 Kc6 45. Rb8 f5 46. Kh3 Kb5 47. Rb7 Kc6
48. Rb8 Rd7 49. Kg2 Kb5 50. Rb7 Kc6 51. Rb8 Kc7 52. Ra8 Kd6 53. Rb8 Kc6 54. Kh3
Kb5 55. Rb7 Kc6 56. Rb8 b5 57. Kg2 Kc5 58. Rb7 Kc6 59. Rb8 h6 60. Kh3 Kc5 61.
Rb7 Kc6 62. Rb8 g5 63. h5 Rd6 64. Rb7 Rd7 65. Rb8 Rd2 66. Kg2 Rd6 67. Rb7 Rd7
68. Rb8 g4 69. Kg1 Rd6 70. Rb7 Rd7 71. Rb8 Rd1+ 72. Kg2 Rd6 73. Rb7 Rd7 74. Rb8
Rf7 75. Kg1 Rd7 76. Kg2 Rf7 77. Kg1 Re7 78. Kg2 Rd7 79. Kg1 Kc5 80. Rb7 Kc6 81.
Rb8 Kc5 82. Rb7 Rd1+ 83. Kg2 b4 84. Rxa7 b3 85. Rb7 Kc4 86. Rc7+ Kb4 87. Rb7+
Kc4 88. Rc7+ Kb4 89. Rb7+ Kc3 90. Rc7+ Kb4 91. Rb7+ Kc3 92. Rc7+ Kb2 93. Rc6 Rd7
94. Rc5 Ka3 95. Ra5+ Kb4 96. a7 Rxa7 97. Rxa7 b2 98. Rb7+ Kc3 99. f3 Kc2 100.
Rc7+ Kd2 101. Rb7 Kc2 102. fxg4 fxg4 103. Rc7+ Kd2 104. Rb7 Kc2 105. Kf2 b1=Q
106. Rxb1 Kxb1 107. Ke3 Kc2 108. Kf4 Kd3 109. Kf5 Ke3 110. Kxg4 Ke4 111. Kh3 Kf5
112. Kh4 Ke5 113. Kg4 Ke4 114. Kh3 Kf5 115. g4+ Kg5 116. Kg3 Kf6 117. Kf4 Ke6
118. Kf3 Kf6 119. Kf4 Ke6 120. Ke4 Kf6 121. Kf4 Ke6 122. Ke4 1/2-1/2

[Event "London Classic Superrapid"]
[Site "London ENG"]
[Date "2015.12.12"]
[Round "5.11"]
[White "Hillarp Persson, Tiger"]
[Black "Hector, Jonny"]
[Result "0-1"]
[WhiteTitle "GM"]
[BlackTitle "GM"]
[WhiteElo "2539"]
[BlackElo "2489"]
[WhiteFideId "1700812"]
[BlackFideId "1700090"]
[EventDate "2015.12.12"]

1. Nf3 d5 2. c4 c6 3. e3 Nf6 4. Nc3 e6 5. b3 Bd6 6. Bb2 O-O 7. d4 Qe7 8. Be2
Nbd7 9. O-O h6 10. Qc2 Re8 11. Rfe1 b6 12. Bf1 Bb7 13. e4 dxe4 14. Nxe4 Nxe4 15.
Qxe4 f5 16. Qc2 c5 17. d5 Qf7 18. Nh4 exd5 19. Nxf5 Bf8 20. cxd5 Bxd5 21. f3 Re6
22. Red1 Nf6 23. Rd2 c4 24. bxc4 Bc5+ 25. Bd4 Bc6 26. Bxc5 bxc5 27. Re2 Rae8 28.
Rae1 Qd7 29. Rxe6 Rxe6 30. Rxe6 Qxe6 31. h3 Bd7 32. Bd3 Qe1+ 33. Kh2 Qe5+ 34. g3
Bxf5 35. Bxf5 Nh5 36. f4 Qe3 37. Qg2 Nxf4 38. Qa8+ Kf7 39. Be4 Ne2 40. Qd5+ Kf8
41. Qf5+ Ke7 42. Qe5+ Kd8 43. Qd6+ Kc8 44. Qc6+ Kd8 45. Qd6+ Kc8 46. Qf8+ Kc7
47. Qxg7+ Kd6 48. Qf6+ Kd7 49. Qf5+ Ke7 50. Qe5+ Kd8 51. Qd6+ Kc8 52. Bf5+ Kb7
53. Qd7+ Kb6 54. Qd8+ Kc6 55. Bd7+ Kd6 56. Bg4+ Kc6 57. Qc8+ Kb6 58. Qb8+ Kc6
59. Bf3+ Kd7 60. Qxa7+ Kd6 61. Qb6+ Ke7 62. Qc7+ Kf8 63. Qd6+ Kg7 64. Qd7+ Kf8
65. Qc8+ Ke7 66. Qc7+ Kf8 67. Qb8+ Ke7 68. Qb7+ Kf8 69. Bxe2 Qxe2+ 70. Qg2 Qxc4
71. h4 Qd4 72. Qc2 c4 73. a4 c3 74. Qf5+ Ke7 75. Qh7+ Kd8 76. Qg8+ Kc7 77. Qh7+
Qd7 78. Qe4 Qd2+ 79. Kh3 c2 80. Qc4+ Kd6 81. Qa6+ Ke5 82. Qb5+ Kd4 83. Qb2+ Qc3
84. Qc1 Kd3 85. a5 Qd2 86. Qf1+ Kc3 87. Qf6+ Qd4 88. Qc6+ Kb2 89. Qb5+ Ka1 90.
Qf1+ Kb2 91. Qb5+ Ka2 92. Qc6 Qd3 93. Qa4+ Kb2 94. Qb4+ Qb3 95. Qd2 Kb1 0-1

[Event "London Classic Superrapid"]
[Site "London ENG"]
[Date "2015.12.12"]
[Round "5.12"]
[White "D'Costa, Lorin A R"]
[Black "Hamitevici, Vladimir"]
[Result "0-1"]
[WhiteTitle "IM"]
[BlackTitle "IM"]
[WhiteElo "2420"]
[BlackElo "2430"]
[WhiteFideId "409219"]
[BlackFideId "13902393"]
[EventDate "2015.12.12"]

1. d4 Nf6 2. c4 c5 3. d5 b5 4. a4 b4 5. Nd2 d6 6. e4 g6 7. b3 Bg7 8. Bb2 O-O 9.
Bd3 e6 10. Ne2 Re8 11. Qc2 Nbd7 12. O-O Ne5 13. Bxe5 dxe5 14. Rae1 Nh5 15. Kh1
f5 16. f4 exf4 17. dxe6 fxe4 18. Bxe4 Rb8 19. Bf3 Bxe6 20. Bxh5 Bf5 21. Qc1 gxh5
22. Nxf4 Qg5 23. Nf3 Qh6 24. Rxe8+ Rxe8 25. Qd2 Kh8 26. Nh4 Be4 27. Qe2 Qg5 28.
Qxh5 Qxh5 29. Nxh5 Bc3 30. h3 Bc2 31. Rf7 Bxb3 32. Nf3 Bxc4 33. Rxa7 b3 34. Ng5
h6 35. Nf7+ Bxf7 36. Rxf7 b2 0-1

[Event "London Classic Superrapid"]
[Site "London ENG"]
[Date "2015.12.12"]
[Round "5.13"]
[White "Roberson, Peter T"]
[Black "Netzer, Jacques"]
[Result "1/2-1/2"]
[WhiteTitle "IM"]
[BlackTitle "FM"]
[WhiteElo "2408"]
[BlackElo "2318"]
[WhiteFideId "412384"]
[BlackFideId "652873"]
[EventDate "2015.12.12"]

1. e4 e5 2. Nf3 Nc6 3. Bb5 a6 4. Ba4 Nf6 5. O-O b5 6. Bb3 Be7 7. d3 d6 8. a3 O-O
9. Nc3 Bg4 10. Be3 Qd7 11. h3 Bh5 12. Nd5 Kh8 13. c3 Na5 14. Ba2 Nxd5 15. Bxd5
c6 16. Ba2 f5 17. Kh2 fxe4 18. dxe4 Bxf3 19. gxf3 Nc4 20. Bxc4 bxc4 21. Rg1 Rab8
22. Qe2 Qe6 23. Rg4 d5 24. Rag1 Rf7 25. Qd2 Rxf3 26. R1g2 Rf7 27. Bg5 Bc5 28.
Be3 Bxe3 29. fxe3 Rbf8 30. exd5 cxd5 31. Qe1 g6 32. Qh4 Qf6 33. Qh6 Qg7 34. Qh4
Rf6 35. Rg5 Re6 36. Qg3 Qf6 37. Rd2 Qf3 38. Qxf3 Rxf3 39. Rxd5 Rxe3 40. Rc5 Re2+
41. Rg2 Rxg2+ 42. Kxg2 Rb6 43. Rxc4 Rxb2+ 44. Kf3 Kg7 45. Ke4 Re2+ 46. Kf3 Ra2
47. a4 Kf6 48. Ke4 Re2+ 1/2-1/2

[Event "London Classic Superrapid"]
[Site "London ENG"]
[Date "2015.12.12"]
[Round "5.14"]
[White "Sadler, Matthew D"]
[Black "Healey, Michael W"]
[Result "1-0"]
[WhiteTitle "GM"]
[WhiteElo "2659"]
[BlackElo "2082"]
[WhiteFideId "400173"]
[BlackFideId "410012"]
[EventDate "2015.12.12"]

1. e4 e5 2. Nf3 Nc6 3. Bb5 a6 4. Ba4 Nf6 5. d3 b5 6. Bb3 Be7 7. c3 d6 8. Nbd2
O-O 9. Nf1 Na5 10. Bc2 c5 11. Ng3 Nc6 12. O-O h6 13. h3 Nh7 14. Be3 Be6 15. Qe2
Qc7 16. Bb3 c4 17. dxc4 bxc4 18. Bxc4 Nd4 19. cxd4 Bxc4 20. Rfc1 Bxe2 21. Rxc7
Bd8 22. Rc6 Bxf3 23. gxf3 exd4 24. Bxd4 Ng5 25. Kg2 Ne6 26. Bc3 Nf4+ 27. Kh2 d5
28. Nf5 g6 29. Nxh6+ Kh7 30. Ng4 a5 31. Rd1 f5 32. Ne5 fxe4 33. fxe4 Ne2 34. Be1
Ra7 35. Rxd5 Re8 36. Bd2 1-0

[Event "London Classic Superrapid"]
[Site "London ENG"]
[Date "2015.12.12"]
[Round "5.15"]
[White "Sadilek, Peter"]
[Black "Kasimdzhanov, Rustam"]
[Result "0-1"]
[WhiteTitle "FM"]
[BlackTitle "GM"]
[WhiteElo "2280"]
[BlackElo "2702"]
[WhiteFideId "1616439"]
[BlackFideId "14200244"]
[EventDate "2015.12.12"]

1. d4 d5 2. c4 e6 3. Nf3 Nf6 4. g3 Bb4+ 5. Bd2 Be7 6. Bg2 O-O 7. O-O Nbd7 8. Qc2
c6 9. Bf4 a5 10. Rd1 Nh5 11. Bc1 f5 12. b3 Nhf6 13. a4 Ne4 14. e3 Rb8 15. Ba3
Bxa3 16. Rxa3 Qe7 17. Ra1 g5 18. Nc3 b6 19. Ne1 Bb7 20. Ne2 Rbc8 21. Nd3 Ba6 22.
Rac1 Rfe8 23. Qb2 h5 24. Ne5 Nxe5 25. dxe5 h4 26. f3 Nc5 27. gxh4 gxh4 28. Nf4
Kf7 29. Kh1 Rg8 30. cxd5 cxd5 31. Bh3 Bb7 32. Rd4 Qg5 33. Rcd1 Na6 34. Qf2 Nb4
35. R4d2 Rc3 36. Qe1 d4 37. Rg2 Bxf3 38. Rxd4 Rd3 39. Rxd3 Nxd3 40. Qd2 Nc5 41.
Kg1 Bxg2 42. Bxg2 Rd8 43. Qc2 h3 0-1

[Event "London Classic Superrapid"]
[Site "London ENG"]
[Date "2015.12.12"]
[Round "5.16"]
[White "Lenderman, Aleksandr"]
[Black "Haussernot, Cecile"]
[Result "1-0"]
[WhiteTitle "GM"]
[BlackTitle "WFM"]
[WhiteElo "2627"]
[BlackElo "2162"]
[WhiteFideId "2021285"]
[BlackFideId "601632"]
[EventDate "2015.12.12"]

1. e4 c5 2. c3 d5 3. exd5 Qxd5 4. d4 Nc6 5. Nf3 Bf5 6. Be3 cxd4 7. Nxd4 Bxb1 8.
Rxb1 O-O-O 9. Nxc6 Qxc6 10. Qg4+ Kb8 11. Qf4+ Rd6 12. Qxf7 Nf6 13. Qc4 e5 14.
Qxc6 Rxc6 15. Bb5 Rc8 16. Rd1 Ng4 17. Ke2 Nxe3 18. fxe3 Be7 19. Rd7 Bf6 20. Rhd1
Rhd8 21. Ba4 Rxd7 22. Rxd7 Rc7 23. Rd1 Rc5 24. Bc2 h6 25. Be4 Kc7 26. Bf5 Kb6
27. Kf3 a5 28. g3 Kc6 29. Bd7+ Kc7 30. Ke4 Rc4+ 31. Kd5 b5 32. Bxb5 Rg4 33. Be2
Rg5 34. Ke4 h5 35. Rd5 Kb6 36. Rb5+ Kc6 37. Rxa5 h4 38. g4 1-0

[Event "London Classic Superrapid"]
[Site "London ENG"]
[Date "2015.12.12"]
[Round "5.17"]
[White "Hawkins, Jonathan"]
[Black "Batchelor, Peter J"]
[Result "1-0"]
[WhiteTitle "GM"]
[BlackTitle "FM"]
[WhiteElo "2563"]
[BlackElo "2311"]
[WhiteFideId "412686"]
[BlackFideId "424854"]
[EventDate "2015.12.12"]

1. d4 d5 2. c4 e6 3. Nc3 Nf6 4. Nf3 Be7 5. Bg5 Nbd7 6. e3 O-O 7. Rc1 c6 8. Bd3
dxc4 9. Bxc4 b5 10. Bd3 Bb7 11. O-O b4 12. Ne4 Nxe4 13. Bxe7 Qxe7 14. Bxe4 Rfc8
15. Qa4 Qd6 16. Nd2 a5 17. f4 Nb6 18. Nc4 Nxc4 19. Rxc4 Ba6 20. Rxc6 Rxc6 21.
Bxc6 Rc8 22. Bd7 Rc7 23. Bb5 Bxb5 24. Qxb5 Rc2 25. f5 exf5 26. Qxf5 Qc7 27. Qd5
g6 28. Qb3 h5 29. Rxf7 a4 30. Rxc7+ axb3 31. Ra7 bxa2 32. Rxa2 b3 33. Ra7 Rxb2
34. Rb7 Kf8 35. h4 Ke8 36. Kh2 Kd8 37. Kg3 Kc8 38. Rb4 Kc7 39. Kf3 Kc6 40. e4
Rb1 41. Kf4 Kd6 42. Kg5 Rg1 43. Kf6 Rxg2 44. Rxb3 Re2 45. Rb6+ Kd7 46. e5 Re4
47. d5 Rxh4 48. e6+ Kc7 49. Rc6+ Kd8 50. e7+ Kd7 51. Rc7+ 1-0

[Event "London Classic Superrapid"]
[Site "London ENG"]
[Date "2015.12.12"]
[Round "5.18"]
[White "Bauer, Christian"]
[Black "Richardson, John R"]
[Result "1-0"]
[WhiteTitle "GM"]
[BlackTitle "FM"]
[WhiteElo "2626"]
[BlackElo "2314"]
[WhiteFideId "603767"]
[BlackFideId "401617"]
[EventDate "2015.12.12"]

1. e4 c6 2. d3 d5 3. Qe2 g6 4. Nf3 Bg7 5. g3 dxe4 6. dxe4 Nf6 7. Bg2 O-O 8. O-O
Na6 9. e5 Nd5 10. Rd1 Qc7 11. c4 Nb6 12. Bf4 Be6 13. b3 h6 14. h4 Rad8 15. Nc3
Nc5 16. Qe3 Ncd7 17. Re1 Kh7 18. Nd4 Bxc4 19. e6 Ne5 20. Bxe5 Bxe5 21. Qxe5 Qxe5
22. Rxe5 Rxd4 23. bxc4 Nxc4 24. Re4 Rxe4 25. Nxe4 b6 26. Rc1 Na5 27. exf7 Rxf7
28. Rd1 e5 29. Rd6 c5 30. Re6 c4 31. Nc3 1-0

[Event "London Classic Superrapid"]
[Site "London ENG"]
[Date "2015.12.12"]
[Round "5.19"]
[White "Perez, Flavio"]
[Black "Edouard, Romain"]
[Result "0-1"]
[BlackTitle "GM"]
[WhiteElo "2231"]
[BlackElo "2635"]
[WhiteFideId "623911"]
[BlackFideId "633429"]
[EventDate "2015.12.12"]

1. e4 c5 2. Nc3 d6 3. g3 g6 4. Bg2 Bg7 5. d3 Nc6 6. Be3 Rb8 7. Qd2 b5 8. Nge2 b4
9. Nd1 Nd4 10. O-O Bg4 11. f3 Bd7 12. Nc1 Qa5 13. c3 bxc3 14. bxc3 Ba4 15. Ne2
Nc2 16. Rc1 Nxe3 17. Nxe3 Nf6 18. f4 O-O 19. g4 Qb5 20. g5 Nd7 21. Nc4 Qa6 22.
Ne3 Bb5 23. Rcd1 Qa3 24. f5 Bc6 25. Nc4 Qa6 26. Nf4 Ne5 27. Nxe5 Bxe5 28. d4
cxd4 29. cxd4 Bg7 30. f6 exf6 31. gxf6 Bxf6 32. Nh5 Bg7 33. Nxg7 Kxg7 34. Qf4
Ba4 35. Qf6+ Kg8 36. Rd2 Rbe8 37. Rdf2 Bb5 38. Rc1 Qb6 39. Bh3 Bd3 40. e5 Qxd4
41. Qxd6 Qe3 42. e6 Qxc1+ 0-1

[Event "London Classic Superrapid"]
[Site "London ENG"]
[Date "2015.12.12"]
[Round "5.20"]
[White "Speelman, Jon S"]
[Black "Rozycki, Bartlomiej"]
[Result "1-0"]
[WhiteTitle "GM"]
[WhiteElo "2517"]
[BlackElo "2231"]
[WhiteFideId "400033"]
[BlackFideId "1106996"]
[EventDate "2015.12.12"]

1. d4 Nf6 2. Nf3 e6 3. g3 b6 4. Bg2 Bb7 5. c4 Be7 6. O-O O-O 7. Re1 a5 8. Nc3
Ne4 9. Bd2 f5 10. Ne5 Nxc3 11. Bxc3 Bxg2 12. Kxg2 d6 13. Nd3 Bf6 14. Nf4 Qe7 15.
e4 fxe4 16. Rxe4 e5 17. dxe5 dxe5 18. Qd5+ Qf7 19. Qxa8 exf4 20. Rxf4 c6 21.
Bxf6 gxf6 22. Rd1 Qc7 23. Rfd4 Kf7 24. a3 Ke6 25. h3 h5 26. b4 Nd7 27. Rxd7 Qxd7
28. Qxf8 Qxd1 29. Qe8+ Kf5 30. Qxc6 a4 31. Qf3+ 1-0

[Event "London Classic Superrapid"]
[Site "London ENG"]
[Date "2015.12.13"]
[Round "6.2"]
[White "Melkumyan, Hrant"]
[Black "Arakhamia-Grant, Ketevan"]
[Result "1-0"]
[WhiteTitle "GM"]
[BlackTitle "GM"]
[WhiteElo "2632"]
[BlackElo "2353"]
[WhiteFideId "13302485"]
[BlackFideId "13600168"]
[EventDate "2015.12.12"]

1. c4 Nf6 2. Nc3 g6 3. d4 Bg7 4. e4 d6 5. Nf3 O-O 6. h3 e5 7. d5 Nh5 8. g3 f5 9.
exf5 gxf5 10. Nh4 Nf6 11. Bd3 e4 12. Be2 Na6 13. Be3 Nd7 14. Ng2 Nac5 15. Nf4 a5
16. O-O Ne5 17. Rc1 Bd7 18. b3 Qe7 19. Nb5 Rfc8 20. Bxc5 Bxb5 21. Be3 Bd7 22. c5
Ng6 23. Kh2 Be5 24. Rg1 dxc5 25. Bxc5 Bd6 26. Qd4 Ne5 27. Qe3 b6 28. Bxd6 Qxd6
29. Rgd1 a4 30. b4 a3 31. Ne6 Bxe6 32. dxe6 Qxe6 33. f4 Nf7 34. Bc4 Qe7 35. Rd5
Kg7 36. Qc3+ Kg6 37. g4 Nd6 38. gxf5+ Kh6 39. Re5 Qh4 40. Re6+ 1-0

[Event "London Classic Superrapid"]
[Site "London ENG"]
[Date "2015.12.13"]
[Round "6.4"]
[White "Hebden, Mark L"]
[Black "Hector, Jonny"]
[Result "1/2-1/2"]
[WhiteTitle "GM"]
[BlackTitle "GM"]
[WhiteElo "2467"]
[BlackElo "2489"]
[WhiteFideId "400084"]
[BlackFideId "1700090"]
[EventDate "2015.12.12"]

1. d4 d5 2. Nf3 Nf6 3. c4 c6 4. e3 Bf5 5. cxd5 cxd5 6. Qb3 Qc7 7. Bd2 Nc6 8. Bb5
e6 9. O-O Nd7 10. Rc1 Bd6 11. Bxc6 bxc6 12. Bb4 O-O 13. Nbd2 Rab8 14. Bxd6 Qxd6
15. Qc3 Rb6 16. Nb3 Rfb8 17. Nc5 Rxb2 18. Nxd7 Qxd7 19. Ne5 Qe8 20. Nxc6 R8b6
21. Nxa7 h6 22. Nc8 Rb8 23. Nd6 Qa4 24. Nxf5 exf5 25. a3 g6 26. g3 Qa6 27. a4
Qe2 28. Qe1 Qf3 29. Qf1 Re2 30. Rab1 Ra8 31. Rb4 h5 32. Rcb1 Ra2 33. Qg2 Qe2 34.
Rf1 Ra5 35. h4 Qc2 36. Rb5 Rxb5 37. axb5 Qb3 38. b6 Ra6 39. Rc1 Rxb6 40. Qf3 Rb8
41. Qf4 Re8 42. Kg2 Qd3 43. Qf3 Qe4 44. Rc5 Rd8 45. Qxe4 fxe4 46. f3 f5 47. Kf2
Ra8 48. g4 fxg4 49. fxg4 Rf8+ 50. Ke2 hxg4 51. Rxd5 g3 52. Rg5 Rf2+ 53. Ke1 Rf3
54. Kd2 Rf2+ 55. Kc3 g2 56. h5 Re2 57. Kc4 Kf7 58. hxg6+ Kg7 59. d5 Rxe3 60.
Rxg2 Re1 61. Kd4 e3 62. Rg5 e2 63. Ke3 Ra1 64. Kxe2 Ra3 65. Kd2 Rb3 66. Kc2 Ra3
67. d6 Ra8 68. Kc3 Rd8 69. Rd5 Kxg6 70. Kc4 Kf6 1/2-1/2

[Event "London Classic Superrapid"]
[Site "London ENG"]
[Date "2015.12.13"]
[Round "6.5"]
[White "Gharamian, Tigran"]
[Black "Hamitevici, Vladimir"]
[Result "1/2-1/2"]
[WhiteTitle "GM"]
[BlackTitle "IM"]
[WhiteElo "2654"]
[BlackElo "2430"]
[WhiteFideId "13301527"]
[BlackFideId "13902393"]
[EventDate "2015.12.12"]

1. e4 e5 2. Nf3 Nc6 3. Bb5 a6 4. Ba4 Nf6 5. O-O b5 6. Bb3 Bb7 7. d3 Be7 8. Nc3
O-O 9. a3 d6 10. Nd5 Nxd5 11. Bxd5 Qc8 12. c3 Nd8 13. Bxb7 Qxb7 14. Re1 Ne6 15.
d4 Bf6 16. a4 h6 17. Be3 Rfe8 18. d5 Nc5 19. Bxc5 dxc5 20. c4 c6 21. dxc6 Qxc6
22. Qc2 Rab8 23. axb5 axb5 24. Ra7 bxc4 25. Qxc4 Qe6 26. Qc2 Rb4 27. h3 Reb8 28.
Qxc5 Rxb2 29. Qd5 Re8 30. Ra8 Rxa8 31. Qxa8+ Kh7 32. Qd5 Qb6 33. Rf1 Qc7 34. Nh2
h5 35. Nf3 Rc2 36. Rd1 Qc5 37. Qxc5 Rxc5 38. g4 hxg4 39. hxg4 g6 40. Rd7 Kg8 41.
g5 Bg7 42. Rd8+ Kh7 43. Rd7 Kg8 44. Rd8+ Kh7 45. Rd7 1/2-1/2

[Event "London Classic Superrapid"]
[Site "London ENG"]
[Date "2015.12.13"]
[Round "6.6"]
[White "Dragun, Kamil"]
[Black "Sadler, Matthew D"]
[Result "0-1"]
[WhiteTitle "GM"]
[BlackTitle "GM"]
[WhiteElo "2564"]
[BlackElo "2659"]
[WhiteFideId "1134167"]
[BlackFideId "400173"]
[EventDate "2015.12.12"]

1. d4 Nf6 2. c4 e6 3. Nf3 b6 4. g3 Ba6 5. b3 Bb4+ 6. Bd2 Be7 7. Bg2 c6 8. O-O d5
9. Qc2 Nbd7 10. Rd1 O-O 11. Bf4 Nh5 12. Bc1 Nhf6 13. Nc3 Rc8 14. e4 dxc4 15. Bf4
Bb4 16. bxc4 Bxc4 17. Ne5 Nxe5 18. dxe5 Nd7 19. a3 Be7 20. Rd4 b5 21. Rad1 Rc7
22. Qd2 Bb3 23. Rb1 c5 24. Rd6 Bc4 25. Nxb5 Rb7 26. a4 Bxd6 27. exd6 e5 28. Bg5
f6 29. Be3 a6 30. Na3 Rxb1+ 31. Nxb1 Qb6 32. Nc3 Rd8 33. Bf1 Qb3 34. h4 Bxf1 35.
Kxf1 Nf8 36. Kg2 Ne6 37. Nd5 Qxa4 38. Ne7+ Kf8 39. Qd5 Qd7 40. Bxc5 g6 41. Bb6
Re8 42. h5 Kg7 43. Be3 gxh5 44. Nf5+ Kh8 45. Qd1 Ng7 46. Nh6 Re6 47. Qd5 Ne8 48.
Nf5 h4 49. g4 h5 50. gxh5 Ng7 51. Nh6 Kh7 52. Qa8 Re8 53. Qxa6 Nxh5 54. Qe2 Ng7
55. Qd1 Re6 56. Nf5 Nxf5 57. exf5 Rxd6 58. Qh5+ Kg8 59. Bh6 Qf7 60. Qg4+ Kh8 61.
Qxh4 Qh7 62. Kf1 Rb6 63. Ke2 Rb2+ 64. Kf1 Rb1+ 65. Ke2 Qxf5 66. Be3+ Kg7 67.
Qh6+ Kf7 0-1

[Event "London Classic Superrapid"]
[Site "London ENG"]
[Date "2015.12.13"]
[Round "6.7"]
[White "Wells, Peter K"]
[Black "Lenderman, Aleksandr"]
[Result "0-1"]
[WhiteTitle "GM"]
[BlackTitle "GM"]
[WhiteElo "2442"]
[BlackElo "2627"]
[WhiteFideId "400327"]
[BlackFideId "2021285"]
[EventDate "2015.12.12"]

1. d4 e6 2. c4 Nf6 3. Nf3 b6 4. g3 Ba6 5. b3 Bb7 6. Bg2 Bb4+ 7. Bd2 Be7 8. O-O
O-O 9. Nc3 d5 10. cxd5 exd5 11. Qc2 Nbd7 12. Bf4 a6 13. Rfd1 Re8 14. Ne5 Bd6 15.
Nxd7 Qxd7 16. Bxd6 Qxd6 17. Rac1 Rac8 18. e3 g6 19. Qb2 Kg7 20. b4 h5 21. h4 Re7
22. Ne2 Bc6 23. Nf4 Bb5 24. Qb3 Rd8 25. a4 Bc4 26. Rxc4 dxc4 27. Qxc4 c5 28.
bxc5 bxc5 29. d5 Rb8 30. Nd3 Reb7 31. e4 Rb1 32. Qc2 Qb6 33. e5 Ng4 34. Bf3
Rxd1+ 35. Bxd1 Qb1 36. Nxc5 Rb2 37. Qd3 Qxd3 38. Nxd3 Rb1 0-1